Loading...
Fine Arts - Classical Music | 5 | 14.00 | 80% | 40% | 20% |
Fine Arts - Other Fine Arts | 4 | 12.50 | 100% | 25% | 0% |
Fine Arts - Visual Fine Arts | 2 | 15.00 | 100% | 50% | 0% |
Geography/Current Events | 2 | 20.00 | 100% | 100% | 0% |
History - American History | 4 | 17.50 | 100% | 75% | 0% |
History - European History | 7 | 15.71 | 100% | 43% | 14% |
History - Other History | 6 | 16.67 | 100% | 33% | 33% |
History - World History | 4 | 17.50 | 100% | 75% | 0% |
Literature - American Literature | 5 | 14.00 | 100% | 40% | 0% |
Literature - British Literature | 6 | 15.00 | 100% | 33% | 17% |
Literature - European Literature | 7 | 17.14 | 100% | 43% | 29% |
Literature - World/Other Literature | 4 | 10.00 | 100% | 0% | 0% |
Mythology | 5 | 20.00 | 80% | 80% | 40% |
Other Academic | 1 | 20.00 | 100% | 100% | 0% |
Philosophy | 6 | 11.67 | 83% | 33% | 0% |
Religion | 7 | 18.57 | 100% | 71% | 14% |
Science - Biology | 6 | 18.33 | 100% | 67% | 17% |
Science - Chemistry | 6 | 23.33 | 100% | 100% | 33% |
Science - Other Science | 7 | 20.00 | 100% | 100% | 0% |
Science - Physics | 3 | 26.67 | 100% | 100% | 67% |
Social Science | 3 | 20.00 | 67% | 100% | 33% |